=LDR 00000nam 2200000 4500 =001 INLIS000000000019350 =005 20130612114424 =008 ***********************************Ind** =035 ##$$0010-061300000019350 =041 ##$$a Ind =082 ##$$a 658 =090 ##$$a 658, Kas m =100 ##$$a Kasim, Iskandar =245 ##$$a Manajemen perubahan, Iskandar Kasim =260 ##$$a 2005 $b Bandung =300 ##$$a iii, 175 hlm, ilus, 21 cm =650 ##$$a Manajemen =850 ##$$a NBPNMAT